The Life of Pablo - Kanye West - Statistics

General Stats
  • This quiz has been taken 64 times
  • The average score is 15 of 20
Answer Stats
Songs Plays Artists % Correct
Facts (Charlie Heat Version) 102,829,057 Kanye West
100%
Father Stretch My Hands Pt.1 1,405,373,606 Kanye West
96%
Pt.2 268,350,657 Kanye West
96%
Saint Pablo 240,208,971 Kanye West
96%
Ultralight Beam 389,246,351 Kanye West
92%
No More Parties In LA 304,133,223 Kanye West
90%
Famous 674,590,166 Kanye West
84%
Highlights 114,705,187 Kanye West
82%
Low Lights 71,702,187 Kanye West
80%
Waves 504,147,197 Kanye West
80%
30 Hours 136,483,709 Kanye West
78%
Fade 19,176,716 Kanye West
78%
Wolves 306,077,954 Kanye West
78%
Freestyle 4 88,604,911 Kanye West
69%
FML 241,679,664 Kanye West
67%
Frank's Track 91,740,192 Kanye West
65%
Real Friends 227,148,357 Kanye West
65%
Feedback 133,217,519 Kanye West
61%
I Love Kanye 132,736,964 Kanye West
61%
Siiiiiiiiilver Surffffeeeeer Intermission 44,931,229 Kanye West
33%
No matching quizzes found
Score Distribution
Percent of People with Each Score
Percentile by Number Answered
Your Score History
You have not taken this quiz